धुएं का ताजमहल / (Record no. 114436)

MARC details
000 -LEADER
fixed length control field 00963nam a22002537a 4500
005 - DATE AND TIME OF LATEST TRANSACTION
control field 20170124103008.0
010 ## - LIBRARY OF CONGRESS CONTROL NUMBER
LC control number A-579365
020 ## - INTERNATIONAL STANDARD BOOK NUMBER
Terms of availability 60.00
035 ## - SYSTEM CONTROL NUMBER
System control number A-579365
037 ## - SOURCE OF ACQUISITION
Source of stock number/acquisition Cen Lib/Ret
040 ## - CATALOGING SOURCE
Original cataloging agency DPL
Language of cataloging HN
082 ## - DEWEY DECIMAL CLASSIFICATION NUMBER
Classification number
Item number उषागो
100 ## - MAIN ENTRY--PERSONAL NAME
Personal name उषा गोपाल
9 (RLIN) 56821
245 ## - TITLE STATEMENT
Title धुएं का ताजमहल /
Statement of responsibility, etc उषा गोपाल
246 ## - VARYING FORM OF TITLE
Title proper/short title Dhuein ka tajmahal /
Remainder of title by Usha Gopal
260 ## - PUBLICATION, DISTRIBUTION, ETC. (IMPRINT)
Place of publication, distribution, etc नई दिल्ली
Name of publisher, distributor, etc उषा प्रकाशन
Date of publication, distribution, etc 1990
270 ## - ADDRESS
Address 10, प्रसाद नगर
City नई दिल्ली
Postal code 110035
300 ## - PHYSICAL DESCRIPTION
Extent 103पृ.
Dimensions 17सेमी (सजिल्द)
650 ## - SUBJECT ADDED ENTRY--TOPICAL TERM
Topical term or geographic name as entry element हिंदी साहित्य
9 (RLIN) 56822
650 ## - SUBJECT ADDED ENTRY--TOPICAL TERM
Topical term or geographic name as entry element हिंदी साहित्य --कहानियां
9 (RLIN) 42761
650 ## - SUBJECT ADDED ENTRY--TOPICAL TERM
Topical term or geographic name as entry element Hindi literature
9 (RLIN) 56823
650 ## - SUBJECT ADDED ENTRY--TOPICAL TERM
Topical term or geographic name as entry element Hindi literature--Stories
9 (RLIN) 56824
942 ## - ADDED ENTRY ELEMENTS (KOHA)
Source of classification or shelving scheme Dewey Decimal Classification
Koha item type Hindi Books
Classification part
Call number suffix उषागो
Holdings
Withdrawn status Lost status Damaged status Not for loan Home library Current library Date acquired Source of acquisition Cost, normal purchase price Total Checkouts Full call number Barcode Date last seen Date checked out Copy number Cost, replacement price Price effective from Koha item type
        Central Library Central Library 17/08/2015 Cen Lib/Ret 60.00 1 क उषागो A-579365 22/09/2019 08/09/2019 1 60.00 17/08/2015 Hindi Books

© Delhi Public Library
Hit Counter
free hit counter